Našim dětem. II. /

Main Author: Hurta, Josef
Language: Czech
Published: Ostrava : JUPOS, 2002, c2001
Edition: Vyd. 1.
Physical Description: 137 s. : il. ; 18 cm
Book
Saved in:
LEADER 01077nam a2200301 a 4500
001 000668666
003 CZ BrMZK
005 20090210151604.0
007 ta
008 030502c20022001xr a 000 j cze d
020 |a 80-85832-48-8  |q (sv. 2 ; brož.) 
040 |a ABA001  |b cze  |d BOA001 
072 7 |a 821-93  |x Literatura pro děti a mládež (beletrie)  |2 Konspekt  |9 26 
072 7 |a 27-4  |x Praktická teologie. Morální teologie  |2 Konspekt  |9 5 
080 |a 821-93  |2 MRF 
080 |a 27-4  |2 MRF 
080 |a (0:82-32)  |2 MRF 
100 1 |a Hurta, Josef  |7 jn20001005594  |4 aut 
245 1 0 |a Našim dětem.  |n II. /  |c vypráví strýček Kim ; [sesbíral a zpracoval Josef Hurta] 
250 |a Vyd. 1. 
260 |a Ostrava :  |b JUPOS,  |c 2002, c2001 
300 |a 137 s. :  |b il. ;  |c 18 cm 
650 0 7 |a křesťanský život  |7 ph122132  |2 czenas 
655 7 |a příběhy  |7 fd133204  |2 czenas 
655 7 |a publikace pro děti  |7 fd133156  |2 czenas 
910 |a BOA001  |b 1-1110.879,2 
990 |a BK 
996 6 |b 2610188163  |c 1-1110.879,2  |l MZK  |r Sklad / do 1 hodiny  |n 0  |p p.v.  |w 000668666  |u 000010  |a 1  |e BOA001  |j MZK50  |s P